Sivá je teória, zelená je prax

Odporúčania firmy GreenClean ako ušetriť a byť pritom ohľaduplný k využívaným zdrojom.

Saved in:
Bibliographic Details
Main Author: Chomová, Katarína, 1983-
Format: Book Chapter
Language:Slovak
Subjects:
Tags: Add Tag
No Tags, Be the first to tag this record!

MARC

LEADER 00000naa a2200000 4500
001 0157791
005 20240502072743.7
041 0 |a slo 
044 |a SK 
245 1 0 |a Sivá je teória, zelená je prax  |c Katarína Chomová 
520 |a Odporúčania firmy GreenClean ako ušetriť a byť pritom ohľaduplný k využívaným zdrojom. 
610 2 0 |a marketing environmentálny 
610 2 0 |a stratégia marketingová 
610 2 0 |a ekológia 
610 2 0 |a využitie zdrojov prírodných 
610 2 0 |a zodpovednosť spoločenská 
100 1 |a Chomová, Katarína, 1983-